00388nam a2200133Ia 4500003000900000008004100009040003300050041000800083080001400091245004000105260007900145300001600224650001400240LK-CoDNM010623t1954 xxu||||| |||| 00| 1 eng d aLK-CoDNMdLK-CoDNMeLK-CoDNM aeng a7.05bPUB aPublic responsibility for the Arts bThe 9 th annual report of the Arts council of great Britaina?c1953c1954 b84p., 22 cm aPortraits